[Event "OLSW 2324 SG Kaiserslautern - SF Heidesh"]
[Site "?"]
[Date "2024.02.25"]
[Round "7.5"]
[White "Foerster, Erik"]
[Black "Roelle, Philipp"]
[Result "0-1"]
[WhiteElo "2133"]
[BlackElo "2102"]
[PlyCount "106"]
[EventDate "2024.??.??"]

1. d4 e6 2. e4 d5 3. e5 c5 4. c3 Qb6 5. Nf3 Bd7 6. Be2 Bb5 7. O-O Bxe2 8. Qxe2 cxd4 9. Nxd4 Nc6 10. Be3 Nxd4 11. Bxd4 Bc5 12. Bxc5 Qxc5 13. b4 Qb6 14. a4 a6 15. Nd2 Ne7 16. Nb3 O-O 17. Nc5 Rfd8 18. a5 Qc7 19. Rfe1 d4 20. c4 d3 21. Qd2 Rd4 22. Ra3 Rad8 23. Rxd3 Rxd3 24. Nxd3 Qxc4 25. Nb2 Qd4 26. Qxd4 Rxd4 27. Rd1 Rxd1+ 28. Nxd1 Nc6 29. f4 Nxb4 30. Nb2 Nd5 31. Nd3 b6 32. axb6 Nxb6 33. Kf2 a5 34. Ke3 h6 35. Kd4 a4 36. g4 h5 37. h3 Kh7 38. f5 a3 39. Kc3 exf5 40. gxf5 g5 41. Kb3 Nc4 42. e6 fxe6 43. fxe6 Kg6 44. Nc1 Nd6 45. Kxa3 Kf6 46. Kb3 Kxe6 47. Ne2 Ke5 48. Kc2 Ne4 49. Ng1 Kf4 50. Kd3 Ng3 51. Kd2 Ke4 52. Kd1 Ke3 53. Ke1 h4 0-1

[Event "OLSW 2324 SG Kaiserslautern - SF Heidesh"]
[Site "?"]
[Date "2024.02.25"]
[Round "7.8"]
[White "Klein, Levent"]
[Black "Lantzsch, Christian"]
[Result "1-0"]
[WhiteElo "1735"]
[BlackElo "2170"]
[PlyCount "130"]
[EventDate "2024.??.??"]

1. d4 e6 2. Nf3 f5 3. g3 Nf6 4. Bg2 Be7 5. c4 d6 6. O-O O-O 7. Nc3 Ne4 8. Qb3 Nd7 9. Nxe4 fxe4 10. Nd2 c5 11. d5 exd5 12. cxd5 Rb8 13. Nxe4 b5 14. Bf4 Rb6 15. Rfd1 h6 16. Rac1 Qe8 17. Qc2 b4 18. Bh3 Kh8 19. Be6 Nf6 20. Nxf6 Rxf6 21. Bxc8 Qxc8 22. e4 Qg4 23. Be3 Rf3 24. e5 Rb8 25. exd6 Bxd6 26. Qc4 Qh5 27. Rd2 Rff8 28. Rdc2 Qf5 29. Rd2 Rbe8 30. Qd3 Qf3 31. Bxc5 Qxd3 32. Rxd3 Rc8 33. Be3 Rxc1+ 34. Bxc1 Rc8 35. Be3 Kg8 36. Kg2 Kf7 37. Kf3 a5 38. Rd2 a4 39. Bf4 Ke7 40. Bxd6+ Kxd6 41. Ke4 b3 42. axb3 axb3 43. Rd3 Rc2 44. Rxb3 Rxf2 45. h4 g5 46. Rb6+ Ke7 47. hxg5 hxg5 48. Rg6 Rxb2 49. Rxg5 Re2+ 50. Kf5 Rd2 51. Kg6 Rf2 52. g4 Rf6+ 53. Kh7 Rf1 54. Rf5 Rh1+ 55. Kg7 Rh2 56. g5 Rh5 57. Kg6 Rh2 58. Rf6 Rh3 59. d6+ Ke8 60. Kg7 Rd3 61. g6 Rd2 62. Kg8 Rd3 63. g7 Rh3 64. Rf7 Rh2 65. Re7+ Kd8 1-0

[Event "OLSW 2324 SG Kaiserslautern - SF Heidesh"]
[Site "?"]
[Date "2024.02.25"]
[Round "7.4"]
[White "Lauer, Marius"]
[Black "Hinrichs, Paul"]
[Result "1-0"]
[WhiteElo "2135"]
[BlackElo "2239"]
[PlyCount "75"]
[EventDate "2024.??.??"]

1. c4 c6 2. g3 d5 3. Nf3 Nf6 4. b3 Bf5 5. Bg2 e6 6. Bb2 Bd6 7. d3 h6 8. Nbd2 O-O 9. O-O Bh7 10. Re1 Nbd7 11. a3 a5 12. Ra2 e5 13. cxd5 cxd5 14. e4 Nc5 15. Bxe5 Nxd3 16. Bxd6 Nxe1 17. Bxf8 Nxf3+ 18. Bxf3 dxe4 19. Bxg7 Kxg7 20. Be2 Nd5 21. Qa1+ Qf6 22. Qxf6+ Kxf6 23. Nc4 Nc3 24. Rc2 Nxe2+ 25. Rxe2 Rd8 26. Nxa5 Bf5 27. Nxb7 Rd5 28. b4 Bh3 29. Re1 e3 30. Nc5 Kf5 31. f3 Rd2 32. Rxe3 Rg2+ 33. Kf1 Rxg3+ 34. Ke1 Rg1+ 35. Kd2 Rh1 36. Re2 Kf4 37. Nd3+ Kxf3 38. Re3+ 1-0

[Event "OLSW 2324 SG Kaiserslautern - SF Heidesh"]
[Site "?"]
[Date "2024.02.25"]
[Round "7.3"]
[White "Wilhelm, Till"]
[Black "Albert, Marco"]
[Result "1/2-1/2"]
[WhiteElo "2403"]
[BlackElo "2123"]
[PlyCount "76"]
[EventDate "2024.??.??"]

1. d4 Nf6 2. c4 e6 3. Nf3 d5 4. g3 Bb4+ 5. Bd2 Be7 6. Bg2 O-O 7. O-O Nbd7 8. Qc2 c6 9. Bg5 h6 10. Bxf6 Bxf6 11. Nbd2 b6 12. e4 Bb7 13. cxd5 cxd5 14. e5 Be7 15. Rfe1 b5 16. Bf1 Qb6 17. Bd3 b4 18. Qa4 Bc6 19. Qd1 Bb5 20. Nf1 a5 21. Ne3 Bxd3 22. Qxd3 Rfc8 23. Rec1 Rc6 24. Rc2 Rac8 25. Rac1 Nb8 26. h4 Rxc2 27. Rxc2 Rxc2 28. Qxc2 Nc6 29. Qd3 a4 30. b3 axb3 31. axb3 Qa7 32. Kg2 Qa1 33. Nf1 Qb2 34. h5 Bf8 35. g4 Na5 36. N1d2 Qc3 37. Ne1 Qc1 38. Nef3 Qc3 1/2-1/2

[Event "OLSW 2324 SG Kaiserslautern - SF Heidesh"]
[Site "?"]
[Date "2024.02.25"]
[Round "7.6"]
[White "Yakovenko, Denis"]
[Black "Perske, Paul"]
[Result "1/2-1/2"]
[WhiteElo "1951"]
[BlackElo "2086"]
[PlyCount "27"]
[EventDate "2024.??.??"]

1. d4 Nf6 2. Nf3 g6 3. c4 Bg7 4. Nc3 d5 5. Bf4 O-O 6. e3 c5 7. Be2 Nc6 8. O-O cxd4 9. Nxd4 Nxd4 10. Qxd4 Be6 11. Be5 dxc4 12. Bf3 Qa5 13. b4 cxb3 14. axb3 1/2-1/2

[Event "OLSW 2324 SG Kaiserslautern - SF Heidesh"]
[Site "?"]
[Date "2024.02.25"]
[Round "7.2"]
[White "Yakovenko, Oleg"]
[Black "Carow, Johannes"]
[Result "1/2-1/2"]
[WhiteElo "2255"]
[BlackElo "2455"]
[PlyCount "118"]
[EventDate "2024.??.??"]

1. Nf3 c5 2. c4 Nc6 3. d4 cxd4 4. Nxd4 Qb6 5. e3 Nf6 6. Be2 g6 7. Nc3 Bg7 8. O-O O-O 9. Nb3 d6 10. e4 Be6 11. Be3 Qd8 12. f3 Nd7 13. Qd2 Na5 14. Nd5 Nxb3 15. axb3 Nc5 16. Ra3 Bxd5 17. exd5 a5 18. Rfa1 Ra6 19. Bd1 Qb6 20. Rxa5 Nxb3 21. Rxa6 bxa6 22. Bxb6 Nxd2 23. Be2 Rb8 24. Be3 Bxb2 25. Rxa6 Nb3 26. Ra7 Kf8 27. Kf1 Bd4 28. Bh6+ Ke8 29. Ra2 Bc3 30. Rc2 Bd4 31. Ra2 Nc5 32. Rd2 Be5 33. g3 Ra8 34. Be3 Nb3 35. Rd3 Nc5 36. Rd2 Ra3 37. Kf2 Bc3 38. Bxc5 dxc5 39. Rd1 g5 40. Rb1 Bb4 41. Rh1 Bc3 42. h4 Bd4+ 43. Kg2 Ra2 44. Kf1 h6 45. hxg5 hxg5 46. f4 gxf4 47. gxf4 Kf8 48. Rh7 Kg8 49. Rh6 Be3 50. Rc6 Rd2 51. f5 Rd4 52. f6 Rf4+ 53. Ke1 Bf2+ 54. Kd2 exf6 55. d6 Rd4+ 56. Bd3 Bg3 57. Rxc5 Rxd6 58. Rd5 Rc6 59. c5 Bf2 1/2-1/2

[Event "OLSW 2324 SG Kaiserslautern - SF Heidesh"]
[Site "?"]
[Date "2024.02.25"]
[Round "7.1"]
[White "Perske, Thore"]
[Black "Weller, Manuel"]
[Result "1-0"]
[WhiteElo "2451"]
[BlackElo "2255"]
[PlyCount "67"]
[EventDate "2024.??.??"]

1. d4 Nf6 2. Nf3 g6 3. g3 Bg7 4. Bg2 O-O 5. O-O d6 6. a4 a5 7. Nc3 Nc6 8. Nb5 Bd7 9. Re1 Qc8 10. e4 e5 11. b3 Nxd4 12. Nfxd4 exd4 13. Bb2 Re8 14. Nxd4 Bh3 15. Bh1 Nd7 16. Bc3 Nc5 17. Nb5 Bxc3 18. Nxc3 Qd8 19. Qd4 Ne6 20. Qd2 Qf6 21. Nd5 Qg7 22. Rad1 Red8 23. Qe3 Kh8 24. f4 Bg4 25. Rd2 c5 26. c3 f6 27. Bg2 g5 28. f5 Nf8 29. Nb6 Ra6 30. Nc4 Nd7 31. Nxd6 Qe7 32. Nxb7 Rb8 33. Rxd7 Qxd7 34. Nxc5 1-0

[Event "OLSW 2324 SV Koblenz II - SV Worms 1878"]
[Site "?"]
[Date "2024.03.17"]
[Round "8.1"]
[White "Musiolik, David"]
[Black "Stahnecker, Ludwig"]
[Result "1/2-1/2"]
[WhiteElo "2270"]
[BlackElo "2185"]
[PlyCount "118"]
[EventDate "2024.??.??"]

1. Nf3 c5 2. c4 Nf6 3. Nc3 g6 4. e3 Bg7 5. b3 Ne4 6. Bb2 Nxc3 7. Bxc3 Bxc3 8. dxc3 Qc7 9. h4 h5 10. Qd2 b6 11. g3 Bb7 12. Bg2 d6 13. O-O Nd7 14. Ng5 Bxg2 15. Kxg2 Nf6 16. e4 Qc6 17. Rfe1 O-O 18. Rad1 Rad8 19. Re2 a6 20. a4 Kg7 21. Qf4 b5 22. cxb5 axb5 23. a5 b4 24. cxb4 cxb4 25. Nf3 e5 26. Qe3 Nd7 27. Red2 Nc5 28. Rd5 f6 29. Nd2 Rd7 30. Nc4 Rfd8 31. f3 Ne6 32. Qb6 Qxb6 33. Nxb6 Ra7 34. Nc4 Nd4 35. Nxd6 Rda8 36. R1xd4 exd4 37. Nc4 Kf7 38. Rxd4 Ke7 39. Nb6 Rd8 40. Nd5+ Kf7 41. Rxb4 Rxa5 42. Rb7+ Ke6 43. Nf4+ Ke5 44. Re7+ Kd6 45. Re6+ Kc5 46. b4+ Kxb4 47. Nd5+ Kc5 48. Rxf6 Rd6 49. Rxd6 Kxd6 50. Nf4 Ra2+ 51. Kh3 Rf2 52. e5+ Kd7 53. Nxg6 Rxf3 54. Nf4 Re3 55. Nxh5 Rxe5 56. Nf4 Ra5 57. h5 Ke7 58. Kh4 Kf6 59. g4 Ra4 1/2-1/2

[Event "OLSW 2324 SV Koblenz II - SV Worms 1878"]
[Site "?"]
[Date "2024.03.17"]
[Round "8.2"]
[White "Polster, Wolfgang"]
[Black "Karsay, Pascal"]
[Result "0-1"]
[WhiteElo "2165"]
[BlackElo "2345"]
[PlyCount "80"]
[EventDate "2024.??.??"]

1. e4 e5 2. Nf3 Nc6 3. c3 Nf6 4. Qa4 d6 5. d3 g6 6. Nbd2 Bg7 7. Be2 O-O 8. O-O Kh8 9. b4 Nh5 10. Re1 f5 11. b5 Ne7 12. Bf1 fxe4 13. Nxe4 Nd5 14. Bg5 Qd7 15. d4 exd4 16. Nxd4 Ndf4 17. f3 h6 18. Bh4 g5 19. Bf2 Be5 20. Rad1 Qg7 21. c4 g4 22. Kh1 gxf3 23. Nxf3 Bg4 24. Nxe5 Bxd1 25. Qxd1 dxe5 26. Bc5 Rfd8 27. Qf3 Qg6 28. Qc3 Re8 29. Nd2 Qg7 30. Ba3 Rad8 31. g3 Ng6 32. Bg2 Qd7 33. Ne4 Qd3 34. Qc1 Kg7 35. Bb2 b6 36. a4 Rf8 37. c5 Nf6 38. cxb6 cxb6 39. Qa1 Nxe4 40. Bxe4 Rf1+ 0-1

[Event "OLSW 2324 SV Koblenz II - SV Worms 1878"]
[Site "?"]
[Date "2024.03.17"]
[Round "8.3"]
[White "Ollenberger, Roland"]
[Black "Berresheim, Helmut"]
[Result "1/2-1/2"]
[WhiteElo "2282"]
[BlackElo "2025"]
[PlyCount "125"]
[EventDate "2024.??.??"]

1. e4 c5 2. Nf3 a6 3. c4 Nc6 4. Nc3 e5 5. d3 d6 6. h3 g6 7. Be2 Bg7 8. Be3 Nge7 9. Qd2 Nd4 10. Bd1 O-O 11. Bh6 f5 12. Bxg7 Kxg7 13. Nxd4 exd4 14. Ne2 fxe4 15. dxe4 Nc6 16. f4 Qa5 17. Qxa5 Nxa5 18. b3 Nc6 19. Bc2 b5 20. Bd3 b4 21. g4 a5 22. Kd2 Bd7 23. Raf1 a4 24. Nc1 axb3 25. axb3 h6 26. Rhg1 g5 27. f5 Ne5 28. Rg3 Bc6 29. Re1 Rfe8 30. Bc2 Ra1 31. Re2 Kf6 32. Re1 Ra7 33. Rh1 Nf7 34. Re1 Rae7 35. Rgg1 Bxe4 36. Bxe4 Rxe4 37. Rxe4 Rxe4 38. Rg3 Re8 39. Ne2 Ra8 40. Nc1 Ne5 41. Kc2 Rh8 42. Nd3 Re8 43. Nf2 Nf7 44. Kd3 Re1 45. Ne4+ Ke5 46. Nd2 Rc1 47. Ke2 Rc3 48. Rf3 d5 49. Kf2 Nd6 50. cxd5 Kxd5 51. Ke2 Nf7 52. Nc4 Rc2+ 53. Kd3 Rc3+ 54. Ke2 Ke4 55. Nd2+ Ke5 56. Nc4+ Kf6 57. Nd2 Nd6 58. Rd3 Ke5 59. Rxc3 dxc3 60. Nc4+ Nxc4 61. bxc4 b3 62. Kd3 c2 63. Kd2 1/2-1/2

[Event "OLSW 2324 SV Koblenz II - SV Worms 1878"]
[Site "?"]
[Date "2024.03.17"]
[Round "8.4"]
[White "Meyer, Mario"]
[Black "Feldmann, Johannes"]
[Result "1/2-1/2"]
[WhiteElo "2067"]
[BlackElo "2227"]
[PlyCount "83"]
[EventDate "2024.??.??"]

1. f4 Nf6 2. Nf3 g6 3. g3 Bg7 4. Bg2 O-O 5. O-O d5 6. d3 c5 7. Nc3 d4 8. Ne4 Nxe4 9. dxe4 Nc6 10. e3 Qb6 11. Qe2 Rd8 12. Rd1 Bd7 13. e5 Rac8 14. c3 Bg4 15. h3 Bxf3 16. Bxf3 dxc3 17. Rxd8+ Rxd8 18. bxc3 f6 19. Ba3 fxe5 20. Qc4+ Kh8 21. Qxc5 exf4 22. gxf4 e5 23. Qxb6 axb6 24. Rb1 exf4 25. Rxb6 Ne5 26. Be2 f3 27. Bf1 Ra8 28. Rxb7 Rxa3 29. Rb8+ Bf8 30. Rxf8+ Kg7 31. Rc8 Rxa2 32. Rc7+ Kf6 33. Rxh7 Kf5 34. Rh4 g5 35. Rd4 g4 36. hxg4+ Kg5 37. Rd5 Kf6 38. g5+ Ke6 39. Rd4 Kf5 40. Bh3+ Kxg5 41. Rf4 Re2 42. Rf5+ 1/2-1/2

[Event "OLSW 2324 SV Koblenz II - SV Worms 1878"]
[Site "?"]
[Date "2024.03.17"]
[Round "8.5"]
[White "Schluchter, Steffen"]
[Black "Bohn, Ulrich"]
[Result "1/2-1/2"]
[WhiteElo "2090"]
[BlackElo "2145"]
[PlyCount "48"]
[EventDate "2024.??.??"]

1. d4 Nf6 2. c3 d5 3. Bf4 e6 4. e3 b6 5. Nd2 Bb7 6. Ngf3 Bd6 7. Ne5 O-O 8. Bg5 Be7 9. Bxf6 Bxf6 10. Bd3 Bxe5 11. dxe5 Ba6 12. Bxa6 Nxa6 13. O-O Nc5 14. f4 f6 15. Nf3 Qe7 16. Qc2 Ne4 17. Rad1 b5 18. exf6 Nxf6 19. Ne5 Nd7 20. Nxd7 Qxd7 21. e4 Rad8 22. f5 c6 23. fxe6 Rxf1+ 24. Rxf1 Qxe6 1/2-1/2

[Event "OLSW 2324 SV Koblenz II - SV Worms 1878"]
[Site "?"]
[Date "2024.03.17"]
[Round "8.6"]
[White "Plum, Paul"]
[Black "Boos, Patrick"]
[Result "1-0"]
[WhiteElo "1948"]
[BlackElo "2071"]
[PlyCount "71"]
[EventDate "2024.??.??"]

1. e4 e6 2. d4 d5 3. exd5 exd5 4. Bd3 Nc6 5. c3 Bd6 6. Ne2 Nf6 7. Bf4 O-O 8. O-O Re8 9. Bxd6 Qxd6 10. Re1 Bg4 11. Nd2 Re7 12. Nf1 Rae8 13. Ne3 g6 14. Qd2 Bd7 15. Ng3 Qf4 16. Ne2 Qh6 17. Rad1 Kh8 18. Nf1 Qh4 19. g3 Qg4 20. Ne3 Qh3 21. Nf4 Qh6 22. Neg2 Kg7 23. Rxe7 Rxe7 24. Ne3 Bh3 25. Nxh3 Qxh3 26. Bf1 Qe6 27. Bg2 Ne4 28. Qc2 f5 29. c4 Nb4 30. Qa4 Nxf2 31. Re1 Nfd3 32. Nxf5+ Qxf5 33. Rxe7+ Kf6 34. Qe8 Qf2+ 35. Kh1 Qxd4 36. Qh8+ 1-0

[Event "OLSW 2324 SV Koblenz II - SV Worms 1878"]
[Site "?"]
[Date "2024.03.17"]
[Round "8.8"]
[White "Thieme-Garmann, Alexander"]
[Black "Guckes, Fabian"]
[Result "0-1"]
[WhiteElo "2026"]
[BlackElo "1913"]
[PlyCount "72"]
[EventDate "2024.??.??"]

1. e4 c5 2. Nc3 Nc6 3. g3 g6 4. d3 Bg7 5. Be3 d6 6. Qd2 Bd7 7. Bg2 e6 8. Nge2 a6 9. O-O Nge7 10. Bh6 O-O 11. Bxg7 Kxg7 12. d4 Qc7 13. Rad1 Rad8 14. h4 cxd4 15. Nxd4 e5 16. Nb3 Bg4 17. Rde1 f6 18. Kh2 Qd7 19. Nd1 Be6 20. Ne3 f5 21. exf5 gxf5 22. f4 e4 23. c4 d5 24. cxd5 Nxd5 25. Nc5 Qe7 26. Nxe6+ Qxe6 27. Nxd5 Rxd5 28. Qc3+ Qf6 29. Qxf6+ Kxf6 30. Rd1 Rfd8 31. Rxd5 Rxd5 32. Rf2 h5 33. Bf1 Nd4 34. Bc4 Rc5 35. Bf1 e3 36. Rg2 Nf3+ 0-1

[Event "OLSW 2324 SC Caissa Schwarzenbach - SG K"]
[Site "?"]
[Date "2024.03.17"]
[Round "8.1"]
[White "Huschens, Matthias"]
[Black "Chassard, Cedric"]
[Result "1/2-1/2"]
[WhiteElo "2081"]
[BlackElo "2259"]
[PlyCount "93"]
[EventDate "2024.??.??"]

1. d4 Nf6 2. Nf3 e6 3. Bf4 c5 4. e3 Qb6 5. Nc3 a6 6. Rb1 cxd4 7. exd4 Bb4 8. Bd3 Nc6 9. a3 Be7 10. Ne2 d5 11. c3 Bd7 12. h3 Na7 13. a4 Qa5 14. Bc2 b5 15. Ne5 Nc6 16. Nxd7 Nxd7 17. b4 Qb6 18. axb5 axb5 19. O-O Nf6 20. Qd3 Ra3 21. Bc1 Ra7 22. Qg3 g6 23. Bh6 Bf8 24. Qh4 Be7 25. Bg5 Qd8 26. Bd3 Rb7 27. Ra1 O-O 28. Ra6 Ne4 29. Bxe7 Qxe7 30. Qxe7 Nxe7 31. Bxe4 dxe4 32. Ng3 f5 33. Rxe6 Rc8 34. Ne2 Nd5 35. Rc1 Rbc7 36. Re5 Nxc3 37. Rxc3 Rxc3 38. Nxc3 Rxc3 39. Rxb5 Rc1+ 40. Kh2 Rd1 41. Rd5 Kf7 42. Rd7+ Ke6 43. Rxh7 Rxd4 44. Rg7 Kf6 45. Rb7 f4 46. Rb6+ Kf7 47. Rb7+ 1/2-1/2

[Event "OLSW 2324 SC Caissa Schwarzenbach - SG K"]
[Site "?"]
[Date "2024.03.17"]
[Round "8.2"]
[White "Jeschke, Jan"]
[Black "Yakovenko, Oleg"]
[Result "0-1"]
[WhiteElo "2153"]
[BlackElo "2267"]
[PlyCount "150"]
[EventDate "2024.??.??"]

1. e4 c5 2. Nf3 d6 3. d4 cxd4 4. Nxd4 Nf6 5. Nc3 a6 6. f3 e5 7. Nb3 Be7 8. Be3 Be6 9. Qd2 h5 10. Be2 Nbd7 11. O-O b5 12. a4 b4 13. Nd5 Bxd5 14. exd5 Nb6 15. Bxb6 Qxb6+ 16. Kh1 h4 17. a5 Qa7 18. Qxb4 Nxd5 19. Qa4+ Kf8 20. f4 Nxf4 21. Rxf4 exf4 22. Qxf4 h3 23. Rf1 Bf6 24. Qxd6+ Qe7 25. Qxe7+ Kxe7 26. Nc5 Bxb2 27. Rb1 Be5 28. Rb7+ Kd6 29. Ne4+ Kd5 30. Bf3 hxg2+ 31. Kg1 Rab8 32. Ng5+ Kc5 33. Nxf7 Rxb7 34. Bxb7 Rb8 35. Bxa6 Bf6 36. Bd3 Kd5 37. a6 Rf8 38. Bg6 Ra8 39. Bd3 Rf8 40. Bg6 Ke6 41. Kxg2 Ra8 42. Be4 Rxa6 43. Nh8 Ra4 44. Bd3 Rg4+ 45. Kf3 Rh4 46. Ng6 Rxh2 47. Nf4+ Kd6 48. Kg4 Rh1 49. Kf5 Rg1 50. Nh3 Rg3 51. Nf4 Rg5+ 52. Ke4 Be5 53. Nd5 Ke6 54. c4 Rg1 55. Ke3 Bd6 56. Nc3 Rg3+ 57. Ke4 Bc5 58. Nd5 g5 59. Be2 Rg2 60. Bh5 Rg1 61. Nc7+ Kf6 62. Ne8+ Ke7 63. Nc7 g4 64. Nd5+ Ke6 65. Bg6 Rf1 66. Bh5 g3 67. Bf3 Re1+ 68. Kf4 Bd6+ 69. Kg4 Re2 70. Nc3 Rh2 71. c5 g2 72. Ne2 Be5 73. Bc6 Ke7 74. Kf5 Bg3 75. Kg4 Bf2 0-1

[Event "OLSW 2324 SC Caissa Schwarzenbach - SG K"]
[Site "?"]
[Date "2024.03.17"]
[Round "8.3"]
[White "Albert, Marco"]
[Black "Englisch, Colya"]
[Result "1/2-1/2"]
[WhiteElo "2150"]
[BlackElo "2135"]
[PlyCount "140"]
[EventDate "2024.??.??"]

1. d4 d6 2. Nf3 g6 3. c4 Bg7 4. Nc3 c5 5. d5 Bxc3+ 6. bxc3 f5 7. h4 Nf6 8. Bf4 Qa5 9. Qc2 Nbd7 10. e3 Nb6 11. Bd3 Bd7 12. O-O O-O-O 13. Nd2 Na4 14. Rac1 h6 15. Rfe1 Rdf8 16. Bg3 Nh5 17. Bh2 g5 18. e4 f4 19. e5 Rhg8 20. Bh7 Rh8 21. Bg6 Ng7 22. exd6 exd6 23. Re7 Ne8 24. Nb3 Qd8 25. Rce1 Nb6 26. Nd2 Nf6 27. h5 Ng4 28. f3 Ne5 29. R7xe5 dxe5 30. Rxe5 Qf6 31. Re2 Bf5 32. Bxf5+ Qxf5 33. Ne4 Nxc4 34. Qd3 b5 35. a4 Rd8 36. d6 a6 37. axb5 axb5 38. Kh1 Kb8 39. Bg1 Rxd6 40. Qb1 Rb6 41. Bxc5 Rb7 42. Qb4 Qd5 43. Bd4 Rd8 44. Nc5 Rb6 45. Ne4 Re6 46. Nf6 Rxf6 47. Bxf6 Rd6 48. Re8+ Kc7 49. Re7+ Kc6 50. Bd4 Rd7 51. Rxd7 Kxd7 52. Qf8 Qe6 53. Kh2 Ne3 54. Qc5 Nf1+ 55. Kg1 Ng3 56. Qxb5+ Kc8 57. Qc5+ Kd7 58. Qa7+ Kc8 59. Qa8+ Kc7 60. Qa7+ Kc8 61. Qc5+ Kd7 62. Qb5+ Kc8 63. Bf2 Nxh5 64. c4 Ng3 65. c5 Kc7 66. Qa5+ Kb7 67. Qb5+ Kc7 68. Qb2 Nf5 69. Qa1 Kb7 70. Qb2+ Kc7 1/2-1/2

[Event "OLSW 2324 SC Caissa Schwarzenbach - SG K"]
[Site "?"]
[Date "2024.03.17"]
[Round "8.6"]
[White "Forthoffer, Patrick"]
[Black "Roelle, Philipp"]
[Result "0-1"]
[WhiteElo "2091"]
[BlackElo "2123"]
[PlyCount "104"]
[EventDate "2024.??.??"]

1. d4 d6 2. Nf3 g6 3. g3 Bg7 4. Bg2 f5 5. b3 Nf6 6. Bb2 O-O 7. Nbd2 a5 8. a4 Kh8 9. O-O Nc6 10. Re1 Ne4 11. Nc4 e6 12. e3 Qe8 13. Nfd2 d5 14. Ne5 Nxe5 15. dxe5 Bd7 16. f3 Nxd2 17. Qxd2 c5 18. f4 Bc6 19. Red1 Qe7 20. Bf3 Rfd8 21. Qg2 g5 22. h3 Rd7 23. Bc3 g4 24. hxg4 fxg4 25. Bxg4 d4 26. Qh3 dxc3 27. Bxe6 Rxd1+ 28. Rxd1 Rd8 29. Re1 Rd2 30. Bf5 Rg2+ 31. Kf1 h6 32. Re2 Rxe2 33. Kxe2 b5 34. Bd3 Bd7 35. Qh5 c4 36. bxc4 b4 37. Qg6 Kg8 38. c5 Qf7 39. Qxf7+ Kxf7 40. Bb5 Bg4+ 41. Kd3 Bf8 42. Kd4 Bxc5+ 43. Kd3 Ke7 44. Bc4 h5 45. Ke4 Bd7 46. Bb3 Be6 47. Bxe6 Kxe6 48. f5+ Kd7 49. Kd3 Ke7 50. Ke2 Bb6 51. Kd3 Kf7 52. Ke2 Bc7 0-1

[Event "OLSW 2324 SC Caissa Schwarzenbach - SG K"]
[Site "?"]
[Date "2024.03.17"]
[Round "8.7"]
[White "Kennel, Christoph"]
[Black "Scheuermann, Gerhard"]
[Result "1/2-1/2"]
[WhiteElo "2196"]
[BlackElo "2085"]
[PlyCount "87"]
[EventDate "2024.??.??"]

1. b3 Nf6 2. Bb2 g6 3. Bxf6 exf6 4. c4 Bg7 5. Nc3 O-O 6. g3 d6 7. Bg2 Re8 8. e3 Nd7 9. Nge2 f5 10. d4 c6 11. O-O Nf6 12. Qd3 Bd7 13. b4 a5 14. b5 Rb8 15. Rab1 Qe7 16. Rb3 cxb5 17. Nxb5 Bc6 18. Nbc3 Bxg2 19. Kxg2 h5 20. Nf4 h4 21. Ncd5 Qd7 22. Nxf6+ Bxf6 23. Nd5 Bd8 24. Rb5 Kg7 25. f4 Rh8 26. a4 Rh5 27. Qe2 hxg3 28. hxg3 Qe8 29. Rg1 Bf6 30. Qf3 Qc6 31. Qe2 Rbh8 32. Kf3 Rh2 33. Rg2 Qe8 34. Qd3 R8h5 35. Nxf6 Kxf6 36. d5 g5 37. Qd4+ Kg6 38. fxg5 Qe4+ 39. Qxe4 fxe4+ 40. Kf2 Rh1 41. Rg1 R1h2+ 42. Rg2 Rh1 43. Rg1 R1h2+ 44. Rg2 1/2-1/2

[Event "OLSW 2324 SVG Saarbrücken - SK Landau"]
[Site "?"]
[Date "2024.03.17"]
[Round "8.1"]
[White "Bold, Andre"]
[Black "Bastian, Herbert"]
[Result "1/2-1/2"]
[WhiteElo "2218"]
[BlackElo "2223"]
[PlyCount "94"]
[EventDate "2024.??.??"]

1. d4 Nf6 2. Nf3 g6 3. c4 Bg7 4. g3 O-O 5. Bg2 d6 6. O-O Nc6 7. Nc3 Rb8 8. d5 Na5 9. Qd3 c5 10. e4 a6 11. Nd2 b5 12. h3 Qb6 13. Rb1 Nxc4 14. Nxc4 bxc4 15. Qc2 a5 16. Re1 Ba6 17. Bf1 Nd7 18. f4 Qc7 19. Nd1 Nb6 20. Ne3 e6 21. dxe6 fxe6 22. Nxc4 Nxc4 23. Bxc4 Bxc4 24. Qxc4 Qf7 25. b3 Rb4 26. Qc2 Bd4+ 27. Kg2 e5 28. Bd2 Rbb8 29. Rf1 Qe6 30. Qc4 Qxc4 31. bxc4 a4 32. Kf3 a3 33. Be3 Bb2 34. Rfd1 Rb4 35. Rxd6 Rxc4 36. Rd5 Rc8 37. Rbd1 Bd4 38. Rd3 Bb2 39. fxe5 Rf8+ 40. Ke2 Rxe4 41. Rxc5 Bxe5 42. Ra5 Bb2 43. Kd1 Rf3 44. Rd8+ Kg7 45. Ra7+ Rf7 46. Bh6+ Kf6 47. Bg5+ Kg7 1/2-1/2

[Event "OLSW 2324 SVG Saarbrücken - SK Landau"]
[Site "?"]
[Date "2024.03.17"]
[Round "8.4"]
[White "Horacek, Helmut"]
[Black "Kuhn, Daniel"]
[Result "1-0"]
[WhiteElo "1972"]
[BlackElo "1980"]
[PlyCount "208"]
[EventDate "2024.??.??"]

1. e4 e5 2. Nf3 Nc6 3. d4 exd4 4. Bc4 Nf6 5. e5 d5 6. Bb5 Ne4 7. Nxd4 Bc5 8. Be3 Bd7 9. Bxc6 bxc6 10. Nd2 Qh4 11. Nxe4 Qxe4 12. O-O Bb6 13. Re1 Qg6 14. Nb3 O-O 15. Rc1 f6 16. Bxb6 Bg4 17. Qd3 Bf5 18. Qg3 axb6 19. Qxg6 hxg6 20. exf6 Rxf6 21. a3 c5 22. c3 Re6 23. Rxe6 Bxe6 24. Nd2 Rd8 25. Nf3 Bf5 26. Rd1 Bg4 27. Rd3 Bxf3 28. Rxf3 d4 29. cxd4 cxd4 30. Kf1 c5 31. Ke2 c4 32. Kd2 Rf8 33. Rxf8+ Kxf8 34. Kc2 Ke7 35. b3 c3 36. Kd3 Kd6 37. f4 Kd5 38. g4 b5 39. h4 Ke6 40. a4 bxa4 41. bxa4 Kd5 42. f5 gxf5 43. gxf5 Kc5 44. a5 Kb4 45. a6 Kb3 46. a7 c2 47. a8=Q c1=Q 48. Qd5+ Ka3 49. Kxd4 Qg1+ 50. Ke5 Qg3+ 51. Ke6 Qg4 52. Qd3+ Ka4 53. Qd7+ Kb3 54. Kf7 Qxh4 55. Qe6+ Kc2 56. Kxg7 Qg3+ 57. Qg6 Qc7+ 58. Kh6 Qh2+ 59. Qh5 Qd6+ 60. Kg7 Qe7+ 61. Kg6 Qe8+ 62. Kg5 Qe3+ 63. Kh4 Qf2+ 64. Kh3 Qf1+ 65. Kg3 Qg1+ 66. Kf4 Qd4+ 67. Kg5 Qe3+ 68. Kf6 Qb6+ 69. Kg7 Qc7+ 70. Kg6 Qg3+ 71. Qg5 Qd3 72. Kg7 Qd5 73. Qg6 Qb7+ 74. Qf7 Qg2+ 75. Kf8 Qa8+ 76. Qe8 Qa3+ 77. Qe7 Qa8+ 78. Kf7 Qd5+ 79. Qe6 Qb7+ 80. Ke8 Qb8+ 81. Kd7 Qa7+ 82. Kd8 Qd4+ 83. Qd7 Qf6+ 84. Kc8 Qa6+ 85. Qb7 Qf6 86. Qe4+ Kd2 87. Qd5+ Kc3 88. Qe6 Qf8+ 89. Kd7 Qg7+ 90. Kc6 Qg2+ 91. Qd5 Qf1 92. Qc5+ Kd2 93. Qd4+ Kc2 94. f6 Qa6+ 95. Kc7 Qa5+ 96. Qb6 Qf5 97. Qc6+ Kb3 98. Kd8 Ka3 99. Qd6+ Kb3 100. Qe7 Qd5+ 101. Kc7 Qc4+ 102. Kb8 Qf4+ 103. Ka8 Qa4+ 104. Qa7 Qf4 1-0

[Event "OLSW 2324 SVG Saarbrücken - SK Landau"]
[Site "?"]
[Date "2024.03.17"]
[Round "8.5"]
[White "Groeschel, Karoline"]
[Black "Birkenheier, Nicolas"]
[Result "1/2-1/2"]
[WhiteElo "1912"]
[BlackElo "1863"]
[PlyCount "114"]
[EventDate "2024.??.??"]

1. e4 e5 2. Nf3 Nc6 3. Bb5 a6 4. Ba4 Nf6 5. O-O b5 6. Bb3 Bb7 7. c3 Nxe4 8. Qe2 d5 9. d3 Nc5 10. Nxe5 Nxe5 11. Qxe5+ Ne6 12. Re1 Qd6 13. Bf4 Kd7 14. Bg3 Qxe5 15. Rxe5 Bd6 16. Rf5 f6 17. Bxd5 Bxd5 18. Rxd5 Kc6 19. Rf5 Nc5 20. Rf3 Rhe8 21. Kf1 Bxg3 22. Rxg3 Re7 23. Nd2 Rae8 24. Nf3 Kd5 25. Nd4 g6 26. Nc2 f5 27. Re1 Rxe1+ 28. Nxe1 Na4 29. Re3 Rxe3 30. fxe3 Nxb2 31. Ke2 Na4 32. Kd2 Nc5 33. Nf3 Ne6 34. Ke2 c5 35. Nd2 Ke5 36. h4 h5 37. g3 a5 38. c4 b4 39. Nf3+ Kd6 40. d4 cxd4 41. exd4 a4 42. Kd3 f4 43. gxf4 Nxf4+ 44. Ke4 Ne2 45. c5+ Kc6 46. Kd3 Nc1+ 47. Kc4 Nxa2 48. d5+ Kc7 49. d6+ Kc8 50. c6 b3 51. Nd2 b2 52. Nb1 Kd8 53. Kb5 Nc3+ 54. Kb6 Ne4 55. d7 Nd6 56. Kc5 Nf5 57. Kb6 Nd6 1/2-1/2

[Event "OLSW 2324 SVG Saarbrücken - SK Landau"]
[Site "?"]
[Date "2024.03.17"]
[Round "8.6"]
[White "Braun, Burkhard"]
[Black "Schatz, Dieter"]
[Result "1-0"]
[WhiteElo "1850"]
[BlackElo "2033"]
[PlyCount "49"]
[EventDate "2024.??.??"]

1. e4 e6 2. d4 d5 3. Nd2 a6 4. Ngf3 Nf6 5. Bd3 c5 6. c3 Nc6 7. e5 Nd7 8. O-O g5 9. h3 h5 10. g4 hxg4 11. hxg4 Be7 12. Re1 Qb6 13. Qb3 cxd4 14. Qxb6 Nxb6 15. cxd4 Bd7 16. a3 O-O-O 17. Nf1 f6 18. Ng3 fxe5 19. Nxe5 Nxe5 20. dxe5 Rh4 21. f3 Rf8 22. Kg2 Bc6 23. Bd2 Rh7 24. Rac1 Kd7 25. Bxh7 1-0